University desk encyclopedia (Record no. 33239)

MARC details
000 -LEADER
fixed length control field 00298nam a2200121Ia 4500
082 ## - DEWEY DECIMAL CLASSIFICATION NUMBER
Classification number 003
Item number UNI
245 #0 - TITLE STATEMENT
Title University desk encyclopedia
260 ## - PUBLICATION, DISTRIBUTION, ETC. (IMPRINT)
Place of publication Lausanne
Name of publisher Elsevier
Year of publication 1977
700 ## - ADDED ENTRY--PERSONAL NAME
Personal name Friedhoff, H
700 ## - ADDED ENTRY--PERSONAL NAME
Personal name Lenthall, Ben
942 ## - ADDED ENTRY ELEMENTS (KOHA)
Koha item type Books
Holdings
Withdrawn status Lost status Damaged status Not for loan Home library Current library Date acquired Cost, normal purchase price Full call number Accession Number Koha item type
        RRII Library RRII Library 16/12/2021 69.95 003 UNI 13739 Books